000 00362 a2200157 4500
001 67888
020 _a9788581660967
040 _cAnchieta - Pituba
100 _aCarpentier, Vincent
240 1 0 _aA Idade Média passo a passo
_lpor
245 1 0 _aA Idade Média passo a passo
300 _a78
362 0 _a2012
650 4 _aLiteratura juvenil
942 _cBK
999 _c67888
_d67888